[Event "Petroupoli ASOP Dias op"]
[Site "Petroupoli"]
[Date "2014.04.09"]
[Round "7.6"]
[White "Kouskoutis, Georgios Alexandros"]
[Black "Kymionis, Konstantinos"]
[Result "0-1"]
[WhiteElo "1979"]
[BlackElo "2020"]
[PlyCount "68"]
[EventDate "2014.02.26"]
[EventType "swiss"]
[EventRounds "7"]
[EventCountry "GRE"]
[SourceTitle "EXT 2024"]
[Source "ChessBase"]
[SourceDate "2023.10.10"]
[SourceVersion "1"]
[SourceVersionDate "2023.10.10"]
[SourceQuality "1"]

1. e4 c5 2. Nf3 e6 3. d4 cxd4 4. Nxd4 a6 5. c4 Nf6 6. Nc3 Qc7 7. Qd3 Be7 8. f4 d6 9. Be2 b6 10. f5 e5 11. Nc2 Bb7 12. b4 Nbd7 13. a3 Rc8 14. Ne3 b5 15. Ncd5 Bxd5 16. exd5 bxc4 17. Nxc4 Qb7 18. Na5 Qxd5 19. Qxd5 Nxd5 20. Bxa6 Rc2 21. Bd2 0-0 22. Bd3 Rc7 23. a4 e4 24. Bc4 N7b6 25. Bxd5 Nxd5 26. b5 e3 27. Nc6 exd2+ 28. Kxd2 Bf6 29. Ra3 Re8 30. h4 Nb6 31. Kd3 d5 32. Rh3 Ra8 33. a5 Nc4 34. Ra2 Rb7 0-1

[Event "Petroupoli op"]
[Site "Petroupoli"]
[Date "2013.10.30"]
[Round "6"]
[White "Kymionis, Konstantinos"]
[Black "Ignatiadis, Konstantinos"]
[Result "1/2-1/2"]
[WhiteElo "2039"]
[BlackElo "2105"]
[PlyCount "112"]
[EventDate "2013.09.25"]
[EventType "swiss"]
[EventRounds "7"]
[EventCountry "GRE"]
[SourceTitle "EXT 2014"]
[Source "ChessBase"]
[SourceDate "2013.11.20"]
[SourceVersion "1"]
[SourceVersionDate "2013.11.20"]
[SourceQuality "1"]

1. e4 Nc6 2. Nc3 e5 3. Nf3 Nf6 4. g3 Bc5 5. Bg2 d6 6. 0-0 h6 7. Na4 Bg4 8. h3 Be6 9. Nxc5 dxc5 10. b3 Qd7 11. Bb2 Bxh3 12. Nxe5 Nxe5 13. Bxe5 Bxg2 14. Kxg2 0-0-0 15. d3 Qe6 16. Bb2 h5 17. Qf3 h4 18. Bxf6 gxf6 19. Rh1 Rdg8 20. Qf5 Qxf5 21. exf5 Kd7 22. Kf3 hxg3 23. fxg3 Rxh1 24. Rxh1 b5 25. Rh7 Ke7 26. Rh4 Kd6 27. Rh7 Ke7 28. a3 Rg5 29. Kf4 Rg8 30. Rh1 Kd6 31. b4 a5 32. bxc5+ Kxc5 33. Rh6 b4 34. axb4+ Kxb4 35. Rxf6 a4 36. Ra6 a3 37. g4 Re8 38. Ra7 Re1 39. Rb7+ Kc5 40. Ra7 Kb4 41. g5 Rc1 42. g6 fxg6 43. fxg6 Rxc2 44. Kf5 a2 45. g7 Rg2 46. Rxa2 Rxg7 47. Rc2 c5 48. Rc4+ Kb5 49. Ke5 Rg5+ 50. Kd6 Rg6+ 51. Kd5 Rg5+ 52. Kd6 Rh5 53. Rc1 Rh6+ 54. Kd5 Rh5+ 55. Kd6 Rh6+ 56. Kd5 Rh5+ 1/2-1/2

[Event "Petroupoli op"]
[Site "Petroupoli"]
[Date "2013.10.16"]
[Round "4"]
[White "Katopodis, Dimitrios"]
[Black "Kymionis, Konstantinos"]
[Result "0-1"]
[WhiteElo "1734"]
[BlackElo "2039"]
[PlyCount "116"]
[EventDate "2013.09.25"]
[EventType "swiss"]
[EventRounds "7"]
[EventCountry "GRE"]
[SourceTitle "EXT 2014"]
[Source "ChessBase"]
[SourceDate "2013.11.20"]
[SourceVersion "1"]
[SourceVersionDate "2013.11.20"]
[SourceQuality "1"]

1. d4 d5 2. Nf3 Nf6 3. c4 c6 4. e3 Bg4 5. Nc3 e6 6. Qb3 Qc7 7. Ne5 Nbd7 8. Nxg4 Nxg4 9. h3 Ngf6 10. cxd5 exd5 11. Be2 Bd6 12. Bd2 0-0 13. Rc1 a6 14. 0-0 Rfe8 15. Na4 Ne4 16. Be1 Ndf6 17. Nc3 Ng5 18. h4 Nge4 19. Nxe4 Rxe4 20. g3 Qd7 21. Kg2 Rae8 22. Bf3 R4e6 23. Bb4 Bb8 24. Qd3 Qc7 25. Bd2 Ne4 26. Bxe4 Rxe4 27. Rh1 R8e6 28. f4 h5 29. b4 Qd7 30. a4 Rg6 31. Kf2 Qf5 32. Qe2 Ba7 33. Qf3 Re7 34. Rc3 Rge6 35. Rg1 Re4 36. Rd3 g6 37. Re1 Kg7 38. Rb3 Bxd4 39. exd4 Rxe1 40. Bxe1 Qc2+ 41. Kf1 Qc1 42. Qc3 Rxe1+ 43. Qxe1 Qc4+ 44. Kg2 Qxb3 45. Qe5+ Kh7 46. Qf6 Qc2+ 47. Kh1 Qf5 48. Qxf5 gxf5 49. a5 Kg6 50. Kg2 Kf6 51. Kf3 Ke6 52. Ke3 Kd6 53. Kd3 Kc7 54. Kc3 b6 55. axb6+ Kxb6 56. Kb2 a5 57. bxa5+ Kxa5 58. Ka3 Kb5 0-1

[Event "Petroupoli op 4th"]
[Site "Petroupoli"]
[Date "2012.05.09"]
[Round "4"]
[White "Katopodis, Ioannis"]
[Black "Kymionis, Konstantinos"]
[Result "0-1"]
[WhiteElo "1652"]
[BlackElo "1985"]
[PlyCount "88"]
[EventDate "2012.04.28"]
[EventType "swiss"]
[EventRounds "7"]
[EventCountry "GRE"]
[SourceTitle "CBM 148 Extra"]
[Source "ChessBase"]
[SourceDate "2012.06.22"]
[SourceVersion "1"]
[SourceVersionDate "2012.06.22"]
[SourceQuality "1"]

1. c4 e5 2. g3 Nc6 3. Nc3 Nf6 4. Bg2 Bc5 5. e3 d6 6. Nge2 a6 7. 0-0 0-0 8. a3 Ba7 9. b4 Re8 10. d4 Bg4 11. h3 Bh5 12. Qd2 Nd7 13. c5 f5 14. Bb2 e4 15. Nf4 Bf7 16. cxd6 cxd6 17. Nfd5 Ne7 18. Nxe7+ Qxe7 19. Rfc1 Nb6 20. Bf1 Bc4 21. Na4 Bxf1 22. Nxb6 Bxb6 23. Kxf1 d5 24. a4 Qd7 25. Kg2 Rac8 26. Qd1 Bc7 27. Qb3 g5 28. b5 f4 29. b6 Bb8 30. Rxc8 Rxc8 31. Rc1 f3+ 32. Kh2 Rxc1 33. Bxc1 h5 34. Ba3 Kf7 35. Qb4 Qd8 36. Kh1 Ke6 37. Qf8 Qxf8 38. Bxf8 Bd6 39. Bh6 Be7 40. Bg7 g4 41. hxg4 hxg4 42. Be5 Kd7 43. Kg1 Kc6 44. Bc7 Bb4 0-1

[Event "Petroupoli op 4th"]
[Site "Petroupoli"]
[Date "2012.05.05"]
[Round "3"]
[White "Kymionis, Konstantinos"]
[Black "Karagiannis, Athanasios"]
[Result "0-1"]
[WhiteElo "1985"]
[BlackElo "2315"]
[PlyCount "132"]
[EventDate "2012.04.28"]
[EventType "swiss"]
[EventRounds "7"]
[EventCountry "GRE"]
[SourceTitle "CBM 148 Extra"]
[Source "ChessBase"]
[SourceDate "2012.06.22"]
[SourceVersion "1"]
[SourceVersionDate "2012.06.22"]
[SourceQuality "1"]

1. e4 d5 2. exd5 Nf6 3. d4 Nxd5 4. c4 Nb6 5. Nc3 g6 6. c5 Nd5 7. Bc4 Nxc3 8. Qf3 e6 9. bxc3 Bg7 10. Nh3 Nc6 11. 0-0 0-0 12. Rb1 Na5 13. Bd3 Bd7 14. Ng5 h6 15. Ne4 Bc6 16. Qh3 f5 17. Ng3 e5 18. Bxh6 exd4 19. Rbd1 Qd5 20. Bf4 Nc4 21. Bc2 Qxc5 22. cxd4 Qd5 23. Ne2 Qf7 24. Bb3 Rad8 25. Bxc7 Qxc7 26. Bxc4+ Bd5 27. Bxd5+ Rxd5 28. Qb3 Qf7 29. Rd3 Re8 30. Re3 Rdd8 31. Qa4 b6 32. Rd1 Bh6 33. Rxe8+ Rxe8 34. Nc3 Bg7 35. Nb5 Re7 36. d5 Qxd5 37. Nxa7 Re4 38. Qb3 Qxb3 39. axb3 Re2 40. Kf1 Rb2 41. Rd3 Bf8 42. Nc6 Bc5 43. Rf3 Kg7 44. Ne5 Rb1+ 45. Ke2 Rb2+ 46. Kf1 Bd4 47. Nc4 Ra2 48. Ke1 Kf6 49. h4 b5 50. Nd2 Ke5 51. Rd3 Bc5 52. Ke2 Bb4 53. g3 Rb2 54. Kd1 Bxd2 55. Rxd2 Rxb3 56. Kc2 Rf3 57. Kd1 b4 58. Rb2 b3 59. Ke2 Ke4 60. Rb1 Rc3 61. Kd2 Kd4 62. h5 gxh5 63. Rh1 Rc2+ 64. Kd1 Ra2 65. Rxh5 Ra1+ 66. Kd2 b2 0-1

[Event "Petroupoli op 3rd"]
[Site "Petroupoli"]
[Date "2012.03.31"]
[Round "7"]
[White "Grigoriadis, Mihail"]
[Black "Kymionis, Konstantinos"]
[Result "1/2-1/2"]
[WhiteElo "1808"]
[BlackElo "1985"]
[PlyCount "120"]
[EventDate "2012.03.10"]
[EventType "swiss"]
[EventRounds "7"]
[EventCountry "GRE"]
[SourceTitle "CBM 147 Extra"]
[Source "ChessBase"]
[SourceDate "2012.04.24"]
[SourceVersion "1"]
[SourceVersionDate "2012.04.24"]
[SourceQuality "1"]

1. e4 c5 2. Nf3 e6 3. d4 cxd4 4. Nxd4 a6 5. Nc3 b5 6. Bd3 Bb7 7. 0-0 Qc7 8. a3 Nf6 9. Kh1 h5 10. Qe2 Nc6 11. Nxc6 Bxc6 12. f4 Ng4 13. Be3 g5 14. h3 gxf4 15. Bxf4 Bd6 16. Bxd6 Qxd6 17. hxg4 hxg4+ 18. Kg1 g3 19. Qe3 Qe5 20. Rf3 Qh5 21. Rxg3 Qh1+ 22. Kf2 Qxa1 23. Qd4 Rf8 24. Nd5 Bxd5 25. exd5 d6 26. Rf3 Qc1 27. dxe6 Qd2+ 28. Kg1 Qe1+ 29. Bf1 Qe5 30. exf7+ Kd7 31. Qg4+ Qe6 32. Qg7 Ke7 33. Qg5+ Kd7 34. Bd3 Qe1+ 35. Rf1 Qe5 36. Qg4+ Ke7 37. Rf2 Qe3 38. Qf5 Qe1+ 39. Bf1 Qe3 40. g4 Rac8 41. Kg2 Rc5 42. Qf6+ Kd7 43. Re2 Qg5 44. Re7+ Kc6 45. Qxg5 Rxg5 46. Kg3 Rg7 47. Ra7 Kb6 48. Rd7 Rgxf7 49. Rxf7 Rxf7 50. Bd3 Kc7 51. g5 Kd7 52. g6 Rg7 53. Kf4 Ke6 54. Bf5+ Kf6 55. Bc8 a5 56. Bf5 Re7 57. Bd3 b4 58. axb4 axb4 59. b3 Re5 60. Kf3 Kg7 1/2-1/2

[Event "Petroupoli op 3rd"]
[Site "Petroupoli"]
[Date "2012.03.24"]
[Round "5"]
[White "Kalofonos, Panayotis"]
[Black "Kymionis, Konstantinos"]
[Result "0-1"]
[WhiteElo "1783"]
[BlackElo "1985"]
[PlyCount "100"]
[EventDate "2012.03.10"]
[EventType "swiss"]
[EventRounds "7"]
[EventCountry "GRE"]
[SourceTitle "CBM 147 Extra"]
[Source "ChessBase"]
[SourceDate "2012.04.24"]
[SourceVersion "1"]
[SourceVersionDate "2012.04.24"]
[SourceQuality "1"]

1. e4 c5 2. Nf3 e6 3. Nc3 a6 4. d4 cxd4 5. Nxd4 Qc7 6. Bd3 Nf6 7. f4 Bc5 8. Nb3 Be7 9. e5 Nd5 10. Nxd5 exd5 11. 0-0 b6 12. Qe2 Nc6 13. Bd2 d6 14. exd6 Qxd6 15. Rae1 f5 16. Qf2 b5 17. Nd4 Nxd4 18. Qxd4 0-0 19. Bb4 Bf6 20. Re5 Bxe5 21. fxe5 Qc6 22. Bxf8 Kxf8 23. Bxf5 Kg8 24. Qf4 Be6 25. Bxe6+ Qxe6 26. Qf5 Re8 27. Qxe6+ Rxe6 28. Re1 Kf7 29. Kf2 Rc6 30. Re2 Ke6 31. Ke1 Rc4 32. Kd2 Re4 33. Rf2 Kxe5 34. Rf7 Rg4 35. g3 Kd4 36. c3+ Ke4 37. Re7+ Kf3 38. Re3+ Kg2 39. Re2+ Kh3 40. Kd3 h5 41. Re5 g6 42. Re2 g5 43. Rf2 h4 44. gxh4 gxh4 45. Ke3 Rg2 46. Rxg2 Kxg2 47. Ke2 Kxh2 48. Kf2 a5 49. a3 a4 50. Kf3 Kh3 0-1

[Event "Nikaia op 16th"]
[Site "Nikaia"]
[Date "2008.08.30"]
[Round "6"]
[White "Goumas, Georgios"]
[Black "Kymionis, Konstantinos"]
[Result "1-0"]
[WhiteElo "2276"]
[BlackElo "1965"]
[PlyCount "53"]
[EventDate "2008.08.25"]
[EventType "swiss"]
[EventRounds "9"]
[EventCountry "GRE"]
[SourceTitle "CBM 126 Extra"]
[Source "ChessBase"]
[SourceDate "2008.11.05"]
[SourceVersion "1"]
[SourceVersionDate "2008.11.05"]
[SourceQuality "1"]

1. Nf3 d5 2. g3 b6 3. Bg2 Bb7 4. 0-0 c5 5. d4 e6 6. c4 dxc4 7. Na3 a6 8. Nxc4 b5 9. Nce5 f6 10. Ng4 Nd7 11. e4 cxd4 12. Nxd4 Qb6 13. a4 Bc5 14. Nb3 Ne7 15. Nxc5 Qxc5 16. Be3 Qb4 17. Bd2 Qxb2 18. Rb1 Qa2 19. Bb4 Nc6 20. e5 f5 21. Bxc6 Bxc6 22. Qd6 Kf7 23. Qxc6 Rhd8 24. Rbd1 fxg4 25. Rxd7+ Rxd7 26. Qxd7+ Kg8 27. axb5 1-0

[Event "Panagiotis Apergis op"]
[Site "Ano Liosia"]
[Date "2007.04.27"]
[Round "2"]
[White "Kagas, Konstantinos"]
[Black "Kymionis, Konstantinos"]
[Result "1-0"]
[WhiteElo "2181"]
[BlackElo "1959"]
[PlyCount "107"]
[EventDate "2007.04.24"]
[EventType "swiss"]
[EventRounds "7"]
[EventCountry "GRE"]
[SourceTitle "EXT 2008"]
[Source "ChessBase"]
[SourceDate "2007.11.25"]
[SourceVersion "1"]
[SourceVersionDate "2007.11.25"]
[SourceQuality "1"]

1. Nf3 c5 2. c4 b6 3. g3 Bb7 4. Bg2 g6 5. 0-0 Bg7 6. Nc3 Nc6 7. b3 Nd4 8. Bb2 Nxf3+ 9. exf3 Nh6 10. Qc2 0-0 11. Rfe1 Nf5 12. Ne2 e5 13. f4 Bxg2 14. Kxg2 d6 15. Rad1 Qd7 16. Ng1 Rfe8 17. fxe5 dxe5 18. Qe4 Nd4 19. Bxd4 f5 20. Qh4 exd4 21. d3 a5 22. a4 h6 23. Qf4 Re6 24. Rxe6 Qxe6 25. h4 Re8 26. Nf3 Qc6 27. Kh2 Re2 28. Rd2 Rxd2 29. Nxd2 Kh7 30. h5 Bf6 31. hxg6+ Kxg6 32. Nf3 Qe6 33. Kg2 Bg5 34. Qc7 Bf6 35. Ng1 Be5 36. Qb7 Bf6 37. Nh3 Bg5 38. Kh2 Qd6 39. Kg2 Qe6 40. Qc7 Bd2 41. Kf3 Bg5 42. Nf4+ Bxf4 43. Kxf4 h5 44. Qd8 Kf7 45. Qg5 Qe2 46. Qxf5+ Kg8 47. Qd5+ Kf8 48. Qf3 Qe7 49. Qxh5 Qd6+ 50. Qe5 Qh6+ 51. Ke4 Qh1+ 52. f3 Qe1+ 53. Kd5 Qd1 54. Ke6 1-0

[Event "Attica-ch U16"]
[Site "Athens"]
[Date "2006.??.??"]
[Round "2.3"]
[White "Goumas, Georgios"]
[Black "Kymionis, Konstantinos"]
[Result "1-0"]
[WhiteElo "2078"]
[BlackElo "1942"]
[PlyCount "57"]
[EventDate "2006.12.27"]
[EventType "swiss"]
[EventRounds "9"]
[EventCountry "GRE"]
[SourceTitle "EXT 2024"]
[Source "ChessBase"]
[SourceDate "2023.10.10"]
[SourceVersion "1"]
[SourceVersionDate "2023.10.10"]
[SourceQuality "1"]

1. e4 c5 2. b3 e6 3. Bb2 b6 4. Nc3 Bb7 5. Nf3 Nc6 6. d4 cxd4 7. Nxd4 a6 8. Nxc6 Bxc6 9. Bd3 d6 10. 0-0 Nf6 11. f4 Qc7 12. Kh1 Be7 13. Qe2 Nd7 14. Bxa6 Bf6 15. Bd3 0-0 16. Nd1 Bxb2 17. Nxb2 Nc5 18. a4 Qb7 19. Rfe1 Rfe8 20. Nc4 Rad8 21. a5 d5 22. Nxb6 dxe4 23. Bb5 Rd4 24. Bxc6 Qxc6 25. Red1 Rxd1+ 26. Rxd1 Nb7 27. b4 Nd6 28. c4 Nf5 29. b5 1-0

[Event "Attica-ch U16"]
[Site "Athens"]
[Date "2006.??.??"]
[Round "4.10"]
[White "Islakoglou, Grigorios"]
[Black "Kymionis, Konstantinos"]
[Result "1-0"]
[WhiteElo "1984"]
[BlackElo "1942"]
[PlyCount "87"]
[EventDate "2006.12.27"]
[EventType "swiss"]
[EventRounds "9"]
[EventCountry "GRE"]
[SourceTitle "EXT 2024"]
[Source "ChessBase"]
[SourceDate "2023.10.10"]
[SourceVersion "1"]
[SourceVersionDate "2023.10.10"]
[SourceQuality "1"]

1. e4 c5 2. Nf3 e6 3. d4 cxd4 4. Nxd4 a6 5. Nc3 b5 6. a3 Bb7 7. Be2 Qc7 8. f4 b4 9. axb4 Bxb4 10. Qd3 Nf6 11. Bf3 Nxe4 12. Bxe4 Bxc3+ 13. bxc3 Bxe4 14. Qxe4 Qxc3+ 15. Ke2 d5 16. Qe3 Qxa1 17. Nxe6 Kd7 18. Nc5+ Kc6 19. Nb3 Qa2 20. Qc5+ Kd7 21. Qxd5+ Kc8 22. Qxa8 Qxc2+ 23. Nd2 Re8+ 24. Kf2 Qc5+ 25. Kg3 g5 26. Ne4 Qb4 27. Be3 Rxe4 28. Rc1+ Rc4 29. Rxc4+ Qxc4 30. fxg5 Qc7+ 31. Bf4 Qb7 32. Qxb7+ Kxb7 33. Kg4 Nc6 34. Kh5 Nd4 35. Kh6 Ne6 36. Be5 Kc6 37. h4 Kd5 38. Bb2 Ke4 39. g3 Kf5 40. Bf6 Kg4 41. Kxh7 Kh5 42. Kg8 a5 43. Kxf7 Nc5 44. g6 1-0